Olympialaisten järjestäjävaltiot - Äkkikuolema - Statistics

Yleistilastot
  • Tätä visaa on pelattu 4 237 kertaa
  • Keskiarvotulos 14 / 24
Answers on the Grid
Answers color-coded by a green-red scale on the quiz's grid according to % correct below.
Afganistan
Alankomaat
Argentiina
Australia
Bahama
Belgia
Brasilia
Bulgaria
Egypti
Espanja
Etelä-Afrikka
Etelä-Korea
Georgia
Intia
Iran
Irlanti
Italia
Itävalta
Japani
Jugoslavia
Kamerun
Kanada
Kiina
Kolumbia
Kreikka
Kroatia
Marokko
Meksiko
Neuvostoliitto
Norja
Panama
Pohjois-Korea
Portugali
Qatar
Ranska
Romania
Ruotsi
Saksa
Saudi-Arabia
Suomi
Sveitsi
Tšekki
Turkki
Ukraina
Unkari
Uusi-Seelanti
Venäjä
Yhdistyneet arabiemiraatit
Yhdistynyt kuningaskunta
Yhdysvallat
 
Vastaustilastot
Vastaus % Oikein
Italia
68%
Australia
66%
Suomi
66%
Yhdysvallat
66%
Espanja
64%
Japani
64%
Brasilia
63%
Kreikka
63%
Kiina
62%
Venäjä
62%
Yhdistynyt kuningaskunta
62%
Kanada
61%
Neuvostoliitto
61%
Ranska
61%
Saksa
61%
Alankomaat
57%
Ruotsi
57%
Etelä-Korea
56%
Norja
52%
Itävalta
46%
Meksiko
42%
Jugoslavia
41%
Belgia
40%
Sveitsi
40%
Ehtoja vastaavia visoja ei löytynyt
Tulosjakauma
Jokaisen tuloksen saaneiden osuus
Persentiili vastausten määrän mukaan
Tuloshistoriasi
Et ole pelannut tätä visaa